Les 17 éléments essentiels à la croissance des plantes - Statistiques

Statistiques générales
  • Ce quiz a été pris 71 fois
  • Le résultat moyen est 8 sur 17
Statistiques - réponses
Teneur (ppm MS) Élément % Correct
410 000 Oxygène / Oxygen
81%
140 Fer / Iron
78%
454 000 Carbone / Carbon
72%
30 000 Azote / Nitrogen
70%
18 000 Calcium
66%
55 000 Hydrogène / Hydrogen
66%
3 200 Magnésium
58%
14 000 Potassium
55%
2 300 Phosphore / Phosphorus
53%
14 Cuivre / Copper
41%
3 400 Soufre / Sulfur / Sulphur
41%
2 000 Chlore / Chlorine
36%
630 Manganèse
34%
160 Zinc
33%
50 Bore / Boron
30%
<0,1 Nickel
22%
0,9 Molybdène / Molybenum
5%
Aucun quiz correspondant
Distribution des résultats
% des personnes avec chaque résultat
Percentile par nombre de réponses
Votre historique - résultats
Vous n’avez pas pris ce quiz